000 00926cam a2200253 a 4500
001 582264
005 20160804092843.0
008 900627s1991 ncu 000 1 eng
010 _a 90042778
020 _a094557553X :
_c$17.95
040 _aDLC
_cDLC
_dDLC
050 0 0 _aPS3555.D47
_bK5 1991
082 0 0 _a813/.54
_220
100 1 _aEdgerton, Clyde,
_d1944-
245 1 0 _aKiller diller :
_ba novel /
_cClyde Edgerton.
250 _a1st ed.
260 _aChapel Hill :
_bAlgonquin Books,
_c1991.
300 _a247 p. ;
_c23 cm.
650 0 _aYoung men
_zNorth Carolina
_xFiction.
856 4 2 _3Publisher description
_uhttp://www.loc.gov/catdir/enhancements/fy0713/90042778-d.html
906 _a7
_bcbc
_corignew
_d1
_eocip
_f19
_gy-gencatlg
942 _2lcc
_cBOOKS
_hSPE PS 3555 .D47 1991
999 _c12435
_d12435